00737cam a22001937a 4500008004000000020001800040082001500058100001900073245012500092260002400217300000900241440003500250650001900285650003100304650002000335650008300355999001900438952008600457180718b2017 xxu||||| |||| 00| 0 eng d a9789351282617 aA99 Am16/6 aAmbedkar, B.R. aStates and minorities : what are their rights and how to secure them in tne constitution of free Indiacby B.R. Ambedkar aDelhibkalpazc2017 a79p. aTreasure of Ambedkar series 06 aCaste -- India aIndia -- Social conditions aDalits -- India aAmbedkar, B. R. -- (Bhimrao Ramji), -- 1891-1956 -- Political and social views c445462d445462 00104070aIIPAbIIPAd2017-01-16oA99 Am16/6p86807r2018-07-21w2018-07-21yBK